[Event "Bundesliga 0506"]
[Site "Germany"]
[Date "2006.01.28"]
[Round "8.3"]
[White "Braun, Arik"]
[Black "Romanishin, Oleg M"]
[Result "1/2-1/2"]
[WhiteElo "2465"]
[BlackElo "2547"]
[Annotator "Gofshtein,L"]
[PlyCount "49"]
[EventDate "2005.10.21"]
[EventType "team-tourn"]
[EventRounds "15"]
[EventCountry "GER"]
[SourceTitle "CBM 111"]
[Source "ChessBase"]
[SourceDate "2006.04.04"]
[SourceVersion "1"]
[SourceVersionDate "2006.04.04"]
[SourceQuality "1"]
[WhiteTeam "Eppingen"]
[BlackTeam "Kreuzberg"]
[WhiteTeamCountry "GER"]
[BlackTeamCountry "GER"]

1. d4 Nf6 2. c4 e6 3. Nc3 Bb4 4. Qc2 d5 5. a3 Bxc3+ 6. Qxc3 c5 {A rare move,
that Romanishin constantly plays, the main line is 6...Ne4 when 6...0-0 and 6..
.dxc4 are also quite popular.} 7. dxc5 {The most principled move, other moves
offer black an easy game.} (7. cxd5 cxd4 8. Qxd4 Nc6 {and Black is ahead in
development.}) 7... d4 {This is Black's idea, he tries to get a control over
the centre, and take care of the white c5 pawn later on.} 8. Qg3 (8. Qc2 {
is how White usually reacts, though the results are not satisfying for him.} e5
(8... a5 {also possible, black prevents b2-b4 and wants to attack the c5 pawn
later on} 9. Nf3 Nc6 10. Bf4 O-O 11. O-O-O Re8 12. Bd6 e5 13. h3 b6 {with
strong counterplay, 0-1 Lazarev,V-Rotstein,A/Porto San Giorgio 1998/EXT 2000 
(23)}) 9. e3 Nc6 10. b4 O-O {Black is ahead in development and he has plenty
of compensation for the pawn.} 11. e4 (11. Nf3 Re8 12. e4 a5 13. Rb1 axb4 14.
axb4 Bg4 15. Nd2 Nh5 16. b5 d3 $1 17. Qxd3 Nd4 18. Nb3 f5 {and Black got a
strong attack, 0-1 Lazarev,V-Romanishin,O/Arco 1999/EXT 2000 (25)}) 11... a5
12. b5 d3 $1 {A motif which is frequently seen in this line, Black sacrifices
another pawn but gets a control of the dark squares, which assures him a good
game.} 13. Bxd3 Nd4 14. Qc3 Nd7 15. Ne2 Nxc5 16. Nxd4 exd4 17. Qc2 Be6 18. O-O
Rc8 {and Black is surely no worse here, 1/2-1/2 Forintos,G-Romanishin,O/
Germany 1992/GER-chT2 (29)}) 8... O-O $6 {This move allows White a series of
strong moves to get the advantage.} (8... Nc6 $5 {was interesting} 9. b4 (9.
Qxg7 Rg8 10. Qh6 Rg6 11. Qh4 e5 {Black has a strong initiative which
compensates for the sacrificed pawns.}) 9... O-O 10. Bg5 e5 11. Nf3 e4 12. Ne5
Nh5 $1 (12... Nxe5 $6 {Black had a stronger move: 12...Nh5! and after all the
complications he has a fine position} 13. Qxe5 a5 14. b5 (14. Rd1 $1 {with
advantage for White.}) 14... Be6 15. Rd1 Nd7 16. Qg3 f6 17. Bh6 Qe7 18. Rxd4
Nxc5 19. Bf4 Qf7 {was unclear, 0-1 El Gindy,E-Sax,G/Cairo 1998/EXT 99 (45)})
13. Bxd8 (13. Nxc6 Nxg3 14. Nxd8 Nxh1 15. c6 f6 16. cxb7 Bxb7 17. Nxb7 fxg5 {
Black is surely isn't worse.}) 13... Nxg3 14. Nxc6 (14. hxg3 Nxd8 {[%csl Re5]
is good for Black, because the white knight is stuck in the centre and Black
threatens to catch it with f7-f6.}) 14... bxc6 $1 (14... Nxh1 $2 15. Ne7+ Kh8
16. Bc7 {it seems that White has the upper hand here.}) 15. hxg3 Rxd8 {Black
is not worse since white can't develop his bishop, e2-e3 is answered with
d4-d3.}) 9. Bh6 $1 {White develops as quickly as possible.} Ne8 10. O-O-O $1
Nc6 11. e3 {White plays correctly and combines the development with attacking
the black centre.} Qc7 {There is nothing better for Black.} (11... e5 12. Nf3
b6 (12... Kh8 13. exd4 $1 gxh6 14. d5 Nb8 15. Qxe5+ {and White seizes the
initiative.}) 13. exd4 exd4 14. Bd3 $1 {It is dangerous for White to open
lines on the queenside.} bxc5 15. Rhe1 {and White is much better since his
pieces are more active and he's ready to launch an attack with Ng5.}) 12. Qxc7
Nxc7 13. Bf4 e5 14. Bg3 dxe3 15. fxe3 a5 {White has the extra pawn, but Black
has good counterchances, since his centre is stable and the white pawn on c5
is weak.} 16. Nf3 $2 (16. Ne2 $1 {the best for the knight is obviously on c3
from where it can go either to d5 or to a4 to defend the pawn on c5} Ne6 (16...
Bg4 17. h3 Bxe2 (17... Bh5 18. Rd7 $16) 18. Bxe2 Ne6 19. Rd5 f6 20. Rhd1 {
with a big advantage for White.}) 17. Rd5 f6 18. Nc3 Ne7 19. Na4 $1 $16 {
similar to what White to do in the game, but more effective, White offers an
exchange but if Black takes it, White will get strong central pawns and his
pair of bishops would be very strong.}) 16... f6 {[%csl Yf3,Yg3] now, White's
dark-squared bishop and the knight are out of play and Black has good chances
to reach equality.} 17. e4 {White opens way for the bishop to f2, where it
protects the c5 pawn.} Bg4 {trying to get control over d4} 18. Bf2 Ne6 {
already planning to exchange on f3 and Ncd4 to cut the white pieces out of the
pawn c5, White's reply is forced.} 19. Rd5 {The best.} (19. Be2 Bxf3 20. Bxf3
Ncd4 {and Black might be better soon.}) 19... a4 $1 {Now b2-b4 is impossible,
and having in mind to play Ra5 someday.} (19... Bxf3 $6 {Now this is not as
good, after} 20. gxf3 Ncd4 21. Bh3 {White's bishops are no worse than the
knights, and White has the edge.}) (19... Ne7 $6 {is answered by} 20. Rd7) 20.
Kd2 {starting a raid of the king towards the c5 pawn, from now on it's
practically forced.} Rfc8 21. Kc3 Ne7 22. Kb4 $1 (22. Rd6 Nxc5 23. Nd2 Kf7 {
[%cal Gg4e6] and Black is already slightly better.}) 22... Nc6+ {obviously
taking the rook won't do Black any good, so he decides to force a draw.} (22...
Nxd5+ $2 23. cxd5 Nf4 24. Nd2 {with a clear advantage for white}) 23. Kc3 Ne7
24. Kb4 Nc6+ 25. Kc3 {a draw, neither side can avoid it} 1/2-1/2

[Event "Sigeman & Co 12th"]
[Site "Malmo/Copenhagen"]
[Date "2004.05.09"]
[Round "9"]
[White "Nielsen, Peter Heine"]
[Black "Hansen, Curt"]
[Result "1-0"]
[WhiteElo "2628"]
[BlackElo "2635"]
[Annotator "Golod,V"]
[PlyCount "47"]
[EventDate "2004.04.30"]
[EventType "tourn"]
[EventRounds "9"]
[EventCountry "SWE"]
[EventCategory "13"]
[SourceTitle "CBM 101"]
[Source "ChessBase"]
[SourceDate "2004.07.27"]
[SourceVersion "1"]
[SourceVersionDate "2004.07.27"]
[SourceQuality "1"]

{[%mdl 2]} 1. d4 Nf6 2. c4 e6 3. Nc3 Bb4 4. Qc2 d5 5. a3 Be7 $6 ({The only
playable move there is:} 5... Bxc3+ {For further comments you can see my
annotations to game: Belov,V-Lautier,J/Moscow,2004/CBM 100(0-1)(49)}) 6. Nf3 {
[%csl Gc2] As a result of black's previous move, White got better version of
Queen Gambit opening (with addition of a3 and Qc2).} O-O {If Black wanted
develop his knight to "d7", he had to do it immediately:} (6... Nbd7 7. cxd5
exd5 8. Bf4 c6 9. e3 $14 {Savchenko,V-Davidovic,A/Alushta,1998(1-0)(59)}) 7.
Bf4 ({Also it deserves attention:} 7. Bg5 $5 Nbd7 8. Rd1 c6 9. e3 a6 10. Bd3
dxc4 11. Bxc4 b5 12. Ba2 $14 {[%csl Rh7][%cal Ya2b1,Ge3e4,Ge4e5] Greenfeld,
A-Djuric,S/Rishon Le Ziyyon,1992(30)}) 7... Nbd7 $4 $146 {Painful blunder
leading to immediate loss.} ({It was necessary:} 7... c6 8. e3 Nbd7 $14) ({
Also loses:} 7... b6 $2 8. cxd5 exd5 9. Nb5 $18 {[%csl Rc7]}) (7... dxc4 8. e4
c5 (8... Nc6 9. Rd1 $14) 9. dxc5 $14) 8. Nb5 $1 {Now it is difficult to
suggest something valuable to Black.} dxc4 $6 (8... c5 $6 9. Bc7 Qe8 10. Nd6
Bxd6 11. Bxd6 cxd4 12. Nxd4 dxc4 13. e3 $18) (8... e5 9. dxe5 Nh5 10. Be3 {
[%csl Ra7,Rh5][%cal Gg2g4] +/-/+-}) 9. Bxc7 Qe8 10. Nd6 Bxd6 11. Bxd6 $18 {
[%csl Rf8] Black could resigned right there, but he prefers to extend the game
a little bit.} b5 12. g3 {There is no reason to hurry up with taking the rook.}
Bb7 13. Bg2 Nb6 14. O-O Rd8 15. Bxf8 Kxf8 16. Rfd1 Be4 17. Qd2 {The rest is
just a matter of technique.} Na4 18. Ne5 Bxg2 19. Kxg2 Qe7 20. f3 {[%csl Rd8,
Re7,Yg2][%cal Ge5c6]} Qd6 21. e4 Ne8 22. Qc2 {[%csl Ra4][%cal Ge5c4]} f6 $6 (
22... Nb6 $142 23. b3 $18) 23. Nxc4 $1 Rc8 (23... Qc7 24. Ne3 $18) 24. Qxa4 $1
{The last shot. Unfortunately, Curt Hansen has played this game very poorly.}
1-0

[Event "EU-ch 6th"]
[Site "Warsaw"]
[Date "2005.06.28"]
[Round "10"]
[White "Gurevich, Mikhail"]
[Black "Parligras, Mircea Emilian"]
[Result "1/2-1/2"]
[WhiteElo "2630"]
[BlackElo "2560"]
[Annotator "Golod,V"]
[PlyCount "101"]
[EventDate "2005.06.18"]
[EventType "swiss"]
[EventRounds "13"]
[EventCountry "POL"]
[SourceTitle "CBM 108"]
[Source "ChessBase"]
[SourceDate "2005.09.26"]
[SourceVersion "1"]
[SourceVersionDate "2005.09.26"]
[SourceQuality "1"]

1. d4 {Gurevich,M} Nf6 2. c4 e6 3. Nc3 Bb4 4. Qc2 d5 5. a3 Bxc3+ 6. Qxc3 Nc6 {
Black chose not the most popular continuation.} (6... Ne4 $5 {is the main line.
}) 7. Bg5 $5 {Good move. In most of the previous games White continued 7.e3,
but Mikhail Gurevich, before playing this move, wanted first to free his
black-squared bishop.} (7. e3 $143 O-O (7... e5 8. dxe5 (8. Nf3 {Gurevich,M}
exd4 9. Nxd4 Nxd4 10. Qxd4 Be6 11. cxd5 Qxd5 12. Qxd5 Bxd5 13. f3 O-O-O 14. b4
Rhe8 15. Kf2 Bb3 16. e4 Nd7 17. Bf4 Ne5 18. Rc1 Re7 19. Rc3 Ba4 20. b5 Rd1 21.
g3 Kb8 22. Rg1 Rb1 $132 {1-0 Grigore,G-Parligras,M/Iasi 1999/CBM 075/ (72)})
8... d4 9. Qd3 Ng4 10. Nf3 dxe3 11. Qxd8+ Kxd8 12. fxe3 Ke7 13. Bd2 Rd8 14. Be2
Ngxe5 15. Nxe5 Nxe5 16. Bc3 f6 17. Bxe5 fxe5 $11 {Yudasin,L-Khalifman,A/Minsk,
1985(1/2-1/2)(30)}) 8. Nf3 Qe7 9. b4 a6 10. Bb2 Bd7 11. Nd2 Rfe8 12. Be2 e5 13.
dxe5 Nxe5 14. cxd5 Nxd5 15. Qd4 Nf6 16. Nf3 Ng6 17. O-O $11 {Candela Perez,
J-Campora,D/Seville,2002(1/2-1/2)(60)} Bc6 $132 {(Gurevich,M) 1/2-1/2 Candela
Perez,J-Campora,D/Seville 2002/CBM 086 ext (60)}) 7... dxc4 $146 {Exchange of
queens doesn't lead to equality:} (7... Ne4 $6 8. Bxd8 Nxc3 9. bxc3 (9. Bxc7 $5
Nxd4 10. Rc1 Ne4 11. e3 $14) 9... Kxd8 10. e3 dxc4 11. Bxc4 Na5 12. Ba2 b6 13.
Nf3 Ke7 14. Nd2 Bb7 15. f3 Rac8 16. Rc1 c5 $11 {Radic,T-Morawietz,D/Porz,1991
(0-1)(49)}) 8. e3 h6 9. Bxf6 ({Could be recommended:} 9. Bh4 $5) 9... Qxf6 10.
Nf3 (10. Bxc4 {Gurevich,M} e5 (10... Qg6 $5) 11. d5 Ne7 12. Nf3 $14) 10... O-O
(10... Qg6 $142 11. Qxc4 O-O 12. Rc1 $14) 11. Bxc4 $14 {[%csl Rc8] White's
advantage is obvious thanks to the bad position of black's bishop.} Re8 {
Gurevich,M: '[/\12...e5]'} 12. Rd1 a6 13. O-O Bd7 ({It's not easy for black to
free himself from white's pressure:} 13... e5 14. dxe5 (14. d5 $143 Nd8 15. Nd2
c6 16. Ne4 $14) 14... Nxe5 15. Nxe5 Rxe5 (15... Qxe5 $2 16. Qxe5 Rxe5 17. Rd8+
Kh7 18. Bxf7 $18) 16. Rd8+ Qxd8 17. Qxe5 $16) 14. Rd2 {Gurevich,M: '[/\15.Rc1]'
} Qe7 15. Ba2 $1 $16 {[%csl Rg8][%cal Ga2b1,Gc3c2,Gb1h7] In addition to strong
positional pressure, White adds mate attacking ideas against black king.} Qd6
16. Rc1 $6 {White missed a good chance to increase his advantage:} (16. d5 $5
exd5 17. Bxd5 Qe7 (17... Qg6 $143 18. Qb3 {[%csl Rb7,Rd7,Rf7][%cal Gb3b7,Gb3f7,
Gd2d7] +/-/+-}) 18. Rfd1 Rad8 19. Qb3 Bc8 20. Bxc6 bxc6 21. Qc4 $16) 16... Rac8
$2 (16... Rad8 $142) 17. Bb1 $6 {White ignored another chance to play:} (17. d5
$1 exd5 18. Bxd5 Qe7 $140 {[%tqu "En","Please find the move, which brings for
White a decisive advantage!","","","c3b3","",10]} 19. Qb3 $1 Rb8 (19... Nd8
$143 20. Bxb7 {[%csl Rc7][%cal Gc1c7]} Nxb7 21. Qxb7 $18) 20. Bxf7+ Qxf7 21.
Qxf7+ Kxf7 22. Rxd7+ {'+/-' Gurevich,M.} Re7 23. Rcd1 {+/-/+-}) 17... Ne7 18.
Ne5 (18. Qc2 $5 {Gurevich,M} f5 (18... g6 19. Ne5 Bc6 20. Qd1 $36) 19. Ne5 Bc6
20. Ba2 $14) 18... Nd5 19. Qb3 Bb5 (19... c5 $142 {'!?' Gurevich,M.} 20. Nxd7
cxd4 21. Rcd1 Qxd7 (21... dxe3 {Gurevich,M} 22. fxe3 Qxd7 23. e4) 22. Rxd4 {
'+/=' Gurevich,M.} Qc7 23. Be4 $16) 20. Qc2 Nf6 21. h3 {Gurevich,M: '[/\22.Ng4]
' Another good move. White ensures a "window" for his king and plans to play
22.Ng4 in order to exchange knights and enter with the queen to kingside.} Red8
({Deserves attention:} 21... Kf8 $5) 22. Ng4 Qe7 (22... Nxg4 $5 23. Qh7+ Kf8
24. hxg4 {'+/-' Gurevich,M.} Bc6 25. Rc5 $16) 23. Nxf6+ Qxf6 24. Qh7+ Kf8 25.
Rdc2 (25. Be4 $5 {Gurevich,M} c6 26. Rc5 $14) 25... Bc6 26. Rc5 Ke7 27. Ba2 $6
{Gurevich,M: '[Ba2-c4-a6]' White planned to transfer his bishop to /^a6-f1.
Could be recommended:} (27. b4 $1 Rd7 28. Be4 (28. Rh5 $5) 28... Bxe4 29. Qxe4
c6 30. a4 $16) 27... Rd7 28. Bc4 {[%csl Rc6][%cal Gc4a6]} Bd5 29. Bf1 $6 {
Much better for White was to play the next position:} (29. Bxd5 $5 exd5 30. Qd3
(30. e4 {Gurevich,M} Qg6 31. Qxg6 fxg6 32. exd5 Kd6 $44) 30... c6 31. b4 $14 {
[%cal Ga3a4,Gb4b5] After 29.Bf1?! Black forced a transfer to an equal ending.})
29... g6 {[%csl Rh7][%cal Gc8h8]} 30. Qxh6 Rh8 31. Qf4 Qxf4 32. exf4 c6 {
'©' Gurevich,M. +/=/= The strong bishop and the weak pawn on "d4" compensate
white's extra pawn.} 33. R5c3 a5 {I'm not sure in this plan of Black. He wants
to play 34...a4 in order to ensure "b3" square for his bishop and in that way
open "d" file for his rooks. But in the future "a4" pawn will be weak and
could create problems. Probably better was to wait for white's active
operations.} (33... Rhd8 $5) 34. f3 (34. b3 $143 a4 35. b4 Bb3 36. b5 Rxd4 37.
bxc6 bxc6 38. Rxc6 Rxf4 $11) 34... Rhd8 35. Kf2 a4 36. Ke3 Bb3 37. Rd3 {
'(+)' Gurevich,M.} ({Interesting to check a transfer to a rook ending:} 37. Bc4
$5 Rxd4 38. Bxb3 axb3 39. Rxb3 R4d7 (39... R8d7 $44 {Gurevich,M} 40. Rxb7 $6
Rd3+ 41. Ke2 Rd2+ 42. Ke1 Rxg2 $13) 40. h4 $14) 37... f6 38. Be2 Rd5 39. Rc5 (
39. Bd1 $5 Bxd1 (39... e5 $143 40. fxe5 fxe5 41. Bxb3 exd4+ 42. Kd2 axb3 43.
Rxb3 R8d7 44. f4 $16) 40. Rcxd1 R8d7 41. Rc1 Rb5 42. Rd2 Kd6 43. Rc4 $14) 39...
R5d6 40. Bd1 (40. h4 $5 {Gurevich,M}) 40... b6 $6 (40... Bxd1 $142 41. Rxd1 Rd5
42. Rc4 $14) 41. Rc1 e5 {'!' Gurevich,M.} 42. fxe5 fxe5 43. d5 $2 {Only
time-trouble can explain this move.} ({After:} 43. Bxb3 exd4+ 44. Kd2 axb3 45.
Rxb3 c5 {'<=>' Gurevich,M.} 46. a4 $14 {[%cal Ga4a5] White keeps good chances
for win.}) 43... Bxd1 44. Rdxd1 ({Another option was:} 44. Rcxd1 cxd5 45. f4
Ke6 46. fxe5 Kxe5 47. Rd4 b5 $11) 44... Rxd5 (44... cxd5 $5 45. Rc7+ Ke6 46.
Ra7 $1 b5 $140 47. Rb7 d4+ 48. Kd3 Rd5 $11) 45. Rxd5 cxd5 46. Rc6 Rd6 47. Rc8 {
Unfortunately for White, the pawn ending is drawish:} (47. Rxd6 $5 Kxd6 48. h4
Ke6 49. g4 Kf6 {'=' Gurevich,M.} 50. Kd3 Ke6 51. Kc3 b5 52. b3 (52. Kb4 $2 d4
53. b3 d3 54. Kc3 b4+ 55. Kxd3 bxa3 56. Kc3 a2 57. Kb2 axb3 58. Ka1 Kd5 59. Kb2
Kc4 60. h5 Kd3 $19) (52. Kd3 Kd6 53. Kc3 Ke6 $11) 52... d4+ 53. Kb2 (53. Kb4 $2
d3 54. Kc3 b4+ $1 $19) 53... Kd5 54. bxa4 (54. b4 e4 55. fxe4+ Kxe4 56. h5 (56.
Kc2 $4 Kf3 $19 {[%csl Gd4,Rg4][%cal Gf3e2,Gf3g4]}) 56... gxh5 57. gxh5 Ke3 58.
h6 d3 59. h7 d2 60. h8=Q d1=Q $11) 54... bxa4 55. Kc2 e4 (55... Kd6 $144 56.
Kd3 Kd5 57. h5 gxh5 58. gxh5 Ke6 59. Ke4 Kf6 60. f4 exf4 61. Kxf4 d3 62. Ke3
Kg5 63. Kxd3 Kxh5 64. Kc4 Kg6 65. Kb4 Kf7 66. Kxa4 Ke7 67. Kb5 Kd7 68. Kb6 Kc8
69. Ka7 Kc7 $11) 56. fxe4+ Kxe4 57. h5 gxh5 58. gxh5 Kf5 59. Kd3 Kg5 60. Kxd4
Kxh5 61. Kc4 Kg6 62. Kb4 Kf7 63. Kxa4 Ke8 64. Ka5 Kd8 65. Kb6 Kc8 $11) 47...
Rd8 (47... Kd7 $5) 48. Rxd8 Kxd8 $11 49. Kd3 ({For:} 49. h4 $5 {see comments
to move 47 of White.}) 49... Ke7 50. Kc3 ({For:} 50. h4 $5 {again see comments
to move 47 of White.}) 50... Kf6 51. Kd3 ({Unexpectedly at once loses the game:
} 51. Kb4 $4 {in view of:} Kf5 $1 52. Kxa4 $140 Kf4 53. Kb3 (53. Kb5 d4 54. Kc4
Ke3 $19) 53... Kg3 54. Kc2 e4 55. fxe4 dxe4 56. Kd2 Kf2 $19) (51. h4 $5 Kf5 52.
g3 e4 53. g4+ Kf4 54. fxe4 dxe4 55. h5 gxh5 56. gxh5 e3 57. h6 Kf3 58. h7 e2
59. h8=Q e1=Q+ $11) 1/2-1/2

[Event "Sarajevo Bosnia 30th"]
[Site "Sarajevo"]
[Date "2000.05.29"]
[Round "11"]
[White "Gurevich, Mikhail"]
[Black "Short, Nigel D"]
[Result "1/2-1/2"]
[WhiteElo "2694"]
[BlackElo "2683"]
[Annotator "Golod,V"]
[PlyCount "54"]
[EventDate "2000.05.17"]
[EventType "tourn"]
[EventRounds "11"]
[EventCountry "BIH"]
[EventCategory "19"]
[SourceTitle "CBM 077"]
[Source "ChessBase"]
[SourceDate "2000.07.27"]
[SourceVersion "1"]
[SourceVersionDate "2000.07.27"]
[SourceQuality "1"]

1. d4 {Gurevich,M} Nf6 2. c4 e6 3. Nc3 Bb4 4. Qc2 d5 5. a3 Bxc3+ 6. Qxc3 dxc4
$5 {[%mdl 4]} (6... Ne4 $5 {It's main line. You can see comments to Burmakin,
V-Markarov,A/St.Petersburg, 2000/CBM 76(1-0)Golod,V)(39)}) 7. Qxc4 b6 $5 {
[%cal Gc8b7,Gc8a6] Nigel Short's move!} 8. Nf3 ({Another alternative is:} 8.
Bf4 Ba6 9. Qxc7 (9. Qa4+ Qd7 (9... c6 10. e3 Bxf1 11. Kxf1 $132 {[%csl Rf1]})
10. Qxd7+ Kxd7 $132) 9... Qxc7 10. Bxc7 Nc6 11. Nf3 (11. Rc1 {See comments to
Lalic,B-Plaskett,J/Southend,1999/CBM 71(0-1)(Pein,M)(33)}) 11... Rc8 12. Be5
Nxe5 13. dxe5 Nd7 14. b4 Bb7 15. e3 Bxf3 16. gxf3 Nxe5 17. Bb5+ Ke7 18. f4 $11
{Baburin,A-Short,N/Port Erin,1998(1/2-1/2)(25)}) 8... Ba6 $5 (8... O-O 9. g3
Bb7 10. Bg2 Bd5 11. Qc2 Nbd7 12. O-O c5 13. Bg5 Rc8 14. Qa4 Bc6 15. Qc4 h6 16.
Bxf6 Qxf6 17. Rfd1 Bxf3 18. Bxf3 cxd4 19. Qxd4 Ne5 {+/=/= Ivanov,S-Beliavsky,A/
Vrnjacka Banja,1999(1-0)(41)}) 9. Qc2 O-O (9... Nbd7 $5 {You can see comments
to Gurevich,M-Davies,N/Germany,1998/CBM 69 (1-0)(Gurevich,M)(43)}) 10. Bg5 Nbd7
11. e4 Qc8 $146 {[%mdl 8]} ({Was checked in the two previous games:} 11... Bxf1
$5 12. Rxf1 h6 (12... Qe8 $5 13. O-O-O c5 14. d5 exd5 15. Bxf6 (15. exd5 Qe4
16. Rfe1 Qxc2+ 17. Kxc2 Rfe8 $132) 15... dxe4 $1 16. Bc3 exf3 17. Qf5 Nf6 (
17... fxg2 $2 18. Rg1 Rd8 19. Bxg7 $1 $16) 18. Bxf6 gxf6 19. Qg4+ (19. Rfe1 Qc6
20. gxf3 Kh8 21. Rd7 Rad8 22. Rxa7 Rd5 $132) 19... Kh8 20. Qxf3 Rd8 21. Qxf6+
Kg8 22. Qg5+ Kh8 23. Qf6+ $11 {Vera,R-Davies,N/Open,Saint Vincent,1999 (0-1)
(42)}) 13. Bxf6 Nxf6 14. O-O-O Rc8 15. Kb1 Qe7 16. Rfe1 Rfd8 17. Ne5 c5 18. d5
exd5 19. exd5 Qc7 20. Nc6 Rd7 21. Ne7+ Rxe7 22. d6 Qxd6 23. Rxd6 Rxe1+ 24. Rd1
Re7 $44 {Kramnik,V-Kasparov,G/Moscow,Kosmos m 5',1998(0-1)(58)}) 12. O-O-O ({
Another option is:} 12. Bxa6 Qxa6 13. O-O-O c5 14. d5 exd5 15. exd5 Rfe8 $132)
12... h6 13. Bxf6 ({After} 13. Bf4 Bxf1 14. Rhxf1 Qb7 (14... c5 $6 15. d5 $14)
15. Rfe1 c5 16. Kb1 $132 {the position is equal, so Gurevich decided to
simplify the game.}) 13... Nxf6 14. Bxa6 (14. Kb1 {Gurevich,M} Bb7 $1 15. Bd3
c5 $132) 14... Qxa6 15. Ne5 {Gurevich,M: '[/\16.Nc6]'} c5 $1 16. dxc5 (16. d5
$6 {Gurevich,M} b5 $1 $132 (16... exd5 17. exd5 b5 18. d6 Rfd8 19. d7 Qb7 20.
Rd2 $16) 17. d6 Rfd8 18. d7 Qb7 $17) 16... Qb5 {'!' Gurevich,M. Gurevich,M: '[/
\ 17...Rfc8]'} (16... bxc5 {Gurevich,M} 17. f3 $14) (16... Rfc8 {Gurevich,M}
17. c6 Qb5 18. f4 $16) 17. a4 {'!' Gurevich,M.} (17. f4 {Gurevich,M} bxc5 18.
g4 c4 $36) 17... Qb4 (17... Qxc5 {Gurevich,M} 18. Qxc5 bxc5 19. f3 Rab8 20. Rd3
$1 Rb4 21. b3 $16) 18. f3 ({Is a possible continuation of the play:} 18. Nd7
Nxd7 19. Rxd7 bxc5 20. Rhd1 Rab8 21. Rxa7 Ra8 22. Rxa8 Rxa8 23. b3 Rb8 (23...
c4 24. Qxc4 Qxc4+ 25. bxc4 Rxa4 26. Rd8+ Kh7 27. Rc8 Ra2 28. c5 $16) 24. Kb2 c4
$11 (24... Qxa4 $4 25. Rd8+ $18 {[%csl Ra4,Rb8,Gd8,Rg8]})) 18... Rfc8 (18...
bxc5 {Gurevich,M} 19. Rd3 Rfc8 20. Rhd1 $14 {(/\ 21.Rc3)}) 19. c6 b5 $1 {
Of course, white can't keep P over...} 20. Rd3 $1 (20. axb5 $2 Qxb5 21. Qc3 Nh5
$1 {[%csl Rc6,Ye5][%cal Gh5f4,Gf7f6] Gurevich,M: '(/\ 22... f6)'} 22. Kb1 (22.
g3 $2 f6 23. Ng6 Kf7 $19) (22. Rd6 {Gurevich,M} Nf4 23. Re1 Ne2+ 24. Rxe2 Qxe2
$15) 22... f6 $40) 20... bxa4 21. Rhd1 {'?!' Gurevich,M.} (21. Rc3 {Gurevich,M}
Rc7 22. Rd1 Rb8 23. Rc4 $14) 21... Qb5 22. Qc3 Ne8 {'=!' Gurevich,M. Gurevich,
M: '[/\ 23...f6]'} ({Interesting was} 22... Nh5 $1 {[%csl Rc6][%cal Gh5f4,
Gf7f6,Gc8c1]} {and white would have to solve some problems and to play very
accuretely:} 23. Rd6 $8 Nf4 24. Kb1 {and here} a3 (24... Ne2 25. Qd3 Qxe5 26.
Qxe2 a3 27. b3 (27. bxa3 Rab8+ 28. Ka2 Qc3 29. R6d3 Qxc6 $17 {[%csl Ra2]})
27... Rab8 28. Ka2 Qc3 29. R1d3 Qc5 30. Qd2 (30. e5 Rxc6 31. Rd8+ Rxd8 32.
Rxd8+ Kh7 $17) 30... Rxc6 31. Rxc6 Qxc6 32. Rd8+ (32. Kxa3 Qa6+ $15 {[%csl Ra3]
}) 32... Rxd8 33. Qxd8+ Kh7 34. Qd2 $44) 25. g3 $1 Ne2 26. Qxa3 Qxe5 27. Qd3
$11 {[%csl Re2]}) 23. Kb1 (23. Rd7 $2 {Gurevich,M} f6 24. Ng6 $2 Qg5+ $19)
23... f6 {Forcing draw.} (23... a3 24. b3 a5 25. Ka2 $132 (25. Rc1 {Gurevich,M}
a4 26. b4 Rab8 27. Ka2 $13)) 24. Ng6 $8 Kf7 (24... Kh7 25. Nf8+ Kg8 (25... Kh8
26. Ng6+ $11) 26. Ng6 $11) 25. Nh8+ Kg8 26. Ng6 Kf7 27. Nh8+ Kg8 1/2-1/2